000 01044nam a22003257a 4500
003 CHAP
005 20220817043026.0
008 971010s1982 r 00010 d
010 _a63151
011 _a64123
035 _a69280
040 _cCHAP
082 _a333.72
_bT6Y
100 0 0 _aTolba, Mustafa Kamal.
_9113603
245 _aDesarrollo sin destrucción
_b: evolución de las percepciones ambientales
260 _aBarcelona :
_bSerbal,
_c1982
300 _a272 p.
490 _aLibros del tiempo
590 _aBATCH-UPD
_b10
_c20130110
_lUCH01
_h1623
590 _aBATCH-UPD
_b10
_c20130410
_lUCH01
_h1017
590 _aBATCH-UPD
_b10
_c20130914
_lUCH01
_h1724
590 _aCONVERSION
_b10
_c20130109
_lUCH01
_h1334
650 1 4 _aMedio ambiente
_xContaminación.
_974069
650 1 4 _aMedio ambiente
_xInvestigación.
_974093
650 1 4 _aRecursos naturales
_xConservación.
830 0 _aLibros del tiempo
_966685
901 _aBK
942 _cLIBRO
949 _a333.72 T6Y
_bBC
_cLIBRO
_d33724000333035
_eLIBRO
_fc.2
_h64482
_i69280
_si
999 _c63151
_d63151